00548 2200217 4500001002100000005001500021035002000036008004100056245006700097100001900164250000600183260004400189300000900233022000600242024000600248084001600254082001000270650003200280990000900312990000900321INLIS00000000000018920200207111825 a0010-0919000009200207 0 ind 1 aA-A, I-I, U-U :bSebuah Sandiwara Pendidikan /cArifin C. Noer aArifin C. Noer a1 aJakarta :bPustaka Utama Grafiti,c1996 c21cm a0 a0 a800.1 ARI a a800.1 4aKumpulan Esai Tentang Puisi a1184 a1184